000
00347nam a2200145Ia 4500
008
231217s9999 xx 000 0 und d
041
_a
English
082
_a
001.6404 MUE;2
100
_a
Mueller, Scott
245
0
_a
Upgrading and repairing PCs
260
_c
1988
_b
Microtech
300
_a
724
650
_a
Personal computers
942
_c
AA
999
_c
162679
_d
162679